Lyrics |
[Chorus] | | 100% | [Chorus] | | 100% | I | | 82.7% | I | | 82.7% | I | | 82.7% | I | | 82.7% | Thank | | 78.2% | thank | | 78.2% | thank | | 78.2% | thank | | 78.2% | thank | | 78.2% | thanks | | 76.9% | thanks-thanks-thanks-Thanksgiving | | 76.9% | thanks-thanks-thanks-Thanksgiving | | 76.9% | thanks, | | 76.9% | a | | 74.4% | a | | 74.4% | a | | 74.4% | a | | 74.4% | a | | 74.4% | a | | 74.4% | Thanksgiving. (alright) | | 73.7% | Thanksgiving! | | 72.4% | Thanksgiving. | | 72.4% | Thanksgiving. | | 72.4% | Thanksgiving. | | 72.4% | Thanksgiving. | | 72.4% | Thanksgiving (giving, giving) | | 72.4% | it's | | 71.8% | it's | | 71.8% | it's | | 71.8% | it's | | 71.8% | It's | | 71.8% | it's | | 71.8% | it's | | 71.8% | It's | | 71.8% | It's | | 71.8% | the | | 69.2% | the | | 69.2% | the | | 69.2% | you, | | 66.7% | you. | | 66.7% | you | | 66.7% | you, | | 66.7% | you, | | 66.7% | you. | | 66.7% | you | | 66.7% | you | | 66.7% | you, | | 66.7% | you, | | 66.7% | you. | | 66.7% | and | | 64.1% | and | | 64.1% | and | | 64.1% | And | | 64.1% | And | | 64.1% | and | | 64.1% | and | | 64.1% | and | | 64.1% | Yo, | | 59% | yo! | | 59% | to | | 57.1% | to | | 57.1% | turkey, (ay!) | | 53.8% | turkey, (ay!) | | 53.8% | is | | 53.2% | is | | 53.2% | is | | 53.2% | For | | 51.9% | We, we, we | | 51.9% | We, we, we | | 51.9% |
|
Lyrics |
We, we, we | | 51.9% | we | | 51.9% | we | | 51.9% | be | | 48.7% | be | | 48.7% | be | | 48.7% | be | | 48.7% | be | | 48.7% | be | | 48.7% | of | | 48.1% | of | | 48.1% | No | | 47.4% | no | | 47.4% | have | | 43.6% | have | | 43.6% | have | | 43.6% | have. | | 43.6% | time. | | 42.9% | are | | 42.9% | are | | 42.9% | time. | | 42.9% | are | | 42.9% | time. | | 42.9% | good | | 41.7% | good | | 41.7% | good | | 41.7% | do, | | 41.7% | good | | 41.7% | Oh, oh. Yeah, yeah. Alright. Yeah. | | 39.7% | Oh, oh, oh. Oh, oh, oh, oh, oh, oh, oh yeahhhhhh. | | 39.7% | on | | 38.5% | on | | 38.5% | on! | | 38.5% | my | | 37.8% | my, | | 37.8% | my | | 37.8% | my | | 37.8% | give | | 37.2% | Give | | 37.2% | but | | 36.5% | but | | 36.5% | can | | 35.9% | now | | 35.3% | now | | 35.3% | Oh, oh, oh. Alright, c'mon! | | 34.6% | say | | 34.6% | was | | 34.6% | was | | 34.6% | was | | 34.6% | With | | 34.6% | With | | 34.6% | say. | | 34.6% | was | | 34.6% | was | | 34.6% | was | | 34.6% | potatoes, (ay!) | | 34% | potatoes, (ay!) | | 34% | potatoes | | 34% | what | | 33.3% | Oh | | 33.3% | ooooh | | 33.3% | Oh, oh, oh | | 33.3% | gonna | | 33.3% | Oh, oh, oh | | 33.3% | gonna | | 33.3% | gonna | | 33.3% | what | | 33.3% | I'm | | 32.7% | I'm | | 32.7% | mashed | | 32.1% | mashed | | 32.1% |
|
|
Comments